Tractatus de tutelis et curis minorum, deque officio et obligatione tutorum ac curatorum, et mercede ipsorum (Registro nro. 78850)
[ vista simple ]
| 000 -ENCABEZADO | |
|---|---|
| Número de control [NR] | 02465nam a2200337Ia 4500 |
| 008 - DE LONGITUD FIJA DE DATOS DE ELEMENTOS - INFORMACIÓN GENERAL | |
| Elementos de longitud fija [NR] | 130821s1602 sp a gr spa |
| 040 ## - FUENTE DE CATALOGACION [NR] | |
| Agencia de catalogación original [NR] | Co-BoUCM |
| Idioma de catalogación [NR] | spa |
| 041 0# - CODIGO DE IDIOMA [R] | |
| Código de idioma para texto/pista de sonido o título separado [R] | Latín |
| 092 ## - SIGNATURA TOPOGRAFICA LOCAL | |
| Número de clasificación local | E16N053 |
| 100 1# - ASIENTO PRINCIPAL--NOMBRE PERSONAL [NR] | |
| Nombre personal [NR] | Gutiérrez, Juan |
| Fechas asociadas con el nombre [NR] | d. 1618 |
| 245 10 - MENCION DE TITULO [NR] | |
| Título [NR] | Tractatus de tutelis et curis minorum, deque officio et obligatione tutorum ac curatorum, et mercede ipsorum |
| Parte restante del título [NR] | Universam materiam, quamvis amplam et diffusam, numquam tamen hucusque omnino congestam, certa quadam divisiones miro ordine sub capi |
| 246 13 - FORMA VARIANTE DEL TITULO [R] | |
| Título propiamente dicho/forma breve del título [NR] | [Tratado sobre las tutelas y la protección de los menores; sobre los deberes y obligaciones de tutores y curadores y sobre la remuneración de los mismos. Aunque esta materia, amplia y extensa, no había sido abordada en su conjunto, se presenta a |
| 260 ## - PUBLICACION, DISTRIBUCION, ETC. (PIE DE IMPRENTA) [R] | |
| Lugar de publicación, distribución, etc. [R] | Salamanca (España) |
| Nombre del editor, distribuidor, etc. [R] | Salmanticae apud Petrum, & Thomas Lassum fratres [hermanos Pedro y Tomás Lasso] a costa de Iuana Maldonado ... |
| Fecha de publicación, distribución, etc. [R] | 1602 |
| 300 ## - DESCRIPCION FISICA [R] | |
| Extensión [R] | [12], 742, [101] páginas |
| Otros detalles físicos [NR] | ilustraciones |
| 500 ## - NOTA GENERAL [R] | |
| Nota general [NR] | Detalles físicos (Copia 2): Ejemplar desencuadernado, primer cuadernillo suelto, sin tapa posterior, varias manchas de humedad en el papel. En la portada, anotaciones de propiedad. Una, escrita a mano, dice: "Foja 246". Y en pág. 246 firma: "Doc |
| 500 ## - NOTA GENERAL [R] | |
| Nota general [NR] | Detalles físicos: Encuadernación en pergamino, con dobleces y manchas. Conserva guarda delantera, utilizando papel de impresos anteriores (derecho canónico sobre los religiosos que cambian de comunidad). Portada sencilla impresa a una sola tinta |
| 504 ## - NOTA DE BIBLIOGRAFIA, ETC. [R] | |
| Nota de bibliografía, etc. [NR] | |
| 505 0# - NOTA DE CONTENIDO CON FORMATO PREESTABLECIDO [R] | |
| Nota de contenido con formato preestablecido [NR] | Parte primera (en 24 capítulos): Qué es la tutela. ; De qué clases es. ; Quienes pueden nombrar tutor por testamento. ; El tutor testamentario que señala el padre. ; Si la madre de impúber puede nombrar tutor para su hijo. ; El tutor testamentar |
| 506 ## - NOTA DE RESTRICCIONES DE ACCESO [R] | |
| Condiciones de acceso [NR] | Consulta en sala. |
| 546 ## - NOTA DE IDIOMA [R] | |
| Nota de idioma [NR] | Texto en latín. |
| 650 ## - ASIENTO SECUNDARIO DE MATERIA - TERMINO TEMATICO [R] | |
| Término temático o nombre geográfico como elemento de entrada [NR] | Derecho civil |
| 9 (RLIN) | 12711 |
| 650 ## - ASIENTO SECUNDARIO DE MATERIA - TERMINO TEMATICO [R] | |
| Término temático o nombre geográfico como elemento de entrada [NR] | Derecho civil |
| Subdivisión general [R] | Curatela |
| 9 (RLIN) | 12711 |
| 650 ## - ASIENTO SECUNDARIO DE MATERIA - TERMINO TEMATICO [R] | |
| Término temático o nombre geográfico como elemento de entrada [NR] | Derecho civil |
| Subdivisión general [R] | Menores |
| -- | Legislación |
| Subdivisión geográfica [R] | España |
| Subdivisión cronológica [R] | siglo xvi |
| 9 (RLIN) | 12711 |
| 650 ## - ASIENTO SECUNDARIO DE MATERIA - TERMINO TEMATICO [R] | |
| Término temático o nombre geográfico como elemento de entrada [NR] | Derecho civil |
| Subdivisión general [R] | Tutela |
| 9 (RLIN) | 12711 |
| 700 1# - ASIENTO SECUNDARIO - NOMBRE PERSONAL [R] | |
| Nombre personal [NR] | Lass, Pedro |
| Término de relación [R] | |
| 700 1# - ASIENTO SECUNDARIO - NOMBRE PERSONAL [R] | |
| Nombre personal [NR] | Lass,Tomás |
| Término de relación [R] | |
| 700 1# - ASIENTO SECUNDARIO - NOMBRE PERSONAL [R] | |
| Nombre personal [NR] | Maldonado, Juana |
| 856 41 - LOCALIZACION Y ACCESO ELECTRONICOS [R] | |
| Nota dirigida al público [R] | Disponible en línea |
| Identificador Uniforme del Recurso (“URI”) [R] | <a href="http://books.google.com.co/books?id=Tc-VM2isKFQC&printsec=frontcover&dq=Tractatus+de+tutelis+1602&hl=es&sa=X&ei=LzMwT6muGIWFiAKJk8HkCg&redir_esc=y#v=onepage&q&f=false">http://books.google.com.co/books?id=Tc-VM2isKFQC&printsec=frontcover&dq=Tractatus+de+tutelis+1602&hl=es&sa=X&ei=LzMwT6muGIWFiAKJk8HkCg&redir_esc=y#v=onepage&q&f=false</a> |
| 942 ## - ELEMENTOS DE ENTRADA AGREGADOS (KOHA) | |
| Tipo de ítem principal el descrito en 300a | Libro |
| Tema principal | Derecho |
| Edición | 1 |
| Sistema de clasificación | DEWEY |
| Clasificación | 346.018 |
| Total préstamos | Código de barras | Última vez visto | Volúmen / Fascículo | Ejemplar | Price effective from | Tipo de ítem | Perdido | Sistema de clasificación | Dañado | No prestable | Tipo de ítem específico | Suprimido | Ubicación habitual | Ubicación actual | Localización | Fecha de creación | Forma de adquisición | Costo |
|---|---|---|---|---|---|---|---|---|---|---|---|---|---|---|---|---|---|---|
| L002515 | 15/12/2012 | E16N053 | Ej.1 | 03/02/2013 | Libro | DEWEY | Libro archivo | Archivo Histórico | Archivo histórico | 28/02/2014 | Donación | 0.00 | ||||||
| L002516 | 15/12/2012 | E16N053 | Ej.2 | 03/02/2013 | Libro | DEWEY | Libro archivo | Archivo Histórico | Archivo histórico | 28/02/2014 | Donación | 0.00 |